000 00650nam a2200277Ia 4500
005 20260324125146.0
008 008 260324s9999 xx 000 0 eng d
020 _a9780080915210
037 _aEBOOK
040 _aCRL
040 _beng
040 _cCRL
041 _2eng
041 _aeng
084 _qCRL
100 _a Elearn
245 0 _aManaging Health, Safety and Working Environment Revised Edition
260 _bTaylor and Francis
260 _c2009
365 _a
365 _b230
856 _uhttp://www.taylorfrancis.com/books/9780080915210
942 _cEBOOK
999 _c1771923
_d1771923